Sports Quiz

Random Sports or NFL Quiz

The NFL Since the Texans (Part 5) Quiz Stats

 Plays Quiz not verified by Sporcle

Challenge
Share
Tweet
Embed
Score 0/16 Timer 03:00
0 Plays Today
Division Team % Correct
AFC East (Most)???
99.1%
AFC North (Least)???
95.8%
NFC North (Most)???
94%
AFC South (Most)???
93.5%
NFC South (Least)???
91.2%
NFC East (Least)???
88.8%
AFC West (Most)???
88.4%
AFC North (Most)???
87.9%
Division Team % Correct
NFC North (Least)???
87.4%
AFC West (Least)???
87%
AFC East (Least)???
81.9%
NFC West (Least)???
75.3%
NFC West (Most)???
70.2%
AFC South (Least)???
67.4%
NFC East (Most)???
56.3%
NFC South (Most)???
28.8%

You're not logged in!

Compare scores with friends on all Sporcle quizzes.
OR
Log In

You Might Also Like...

Show Comments

Extras

Top Quizzes Today


Score Distribution

Your Account Isn't Verified!

In order to create a playlist on Sporcle, you need to verify the email address you used during registration. Go to your Sporcle Settings to finish the process.

Report this User

Report this user for behavior that violates our Community Guidelines.

Details: